000 00303nam a22001337a 4500
008 170529b xxu||||| |||| 00| 0 eng d
020 _a9789951437172
041 _aeng
080 _a62
100 _a27
101 _aIM
245 _aSISTEMI NDËRKOMBËTAR I NJËSIVE
_cSKENDERI,S.H
942 _2udc
_cBK
999 _c14835
_d14835